| 000 | 00544nam a2200229 a 4500 | ||
|---|---|---|---|
| 001 | nice12345678 | ||
| 003 | IN_TiNIC | ||
| 005 | 20260116011813.0 | ||
| 008 | 050524s1964 roma grp 000 0 eng | ||
| 020 |
_a _c100 |
||
| 082 | 0 | 0 |
_a723.4 _bCAI |
| 100 | _aCairola, Aldo | ||
| 245 | _aPlazzo Pubblico of Siena | ||
| 260 |
_aRoma _bMote Dri Paschi Disiena _c1964 |
||
| 300 | _a260p | ||
| 500 | _aincludes index and biblioraphy | ||
| 505 | 2 | _aIndex | |
| 650 | _aArchitecture-Italian | ||
| 902 | _bRHR | ||
| 942 | _cBK | ||
| 999 |
_c4098 _d4098 |
||